[Event "AUTO-ADV-156"]
[Site "http://www.queenalice.com/game.php?id=61421"]
[Date "2006.4.5"]
[Round "1"]
[White "dav19"]
[Black "waltc"]
[Result "0-1"]
[WhiteElo "1432"]
[BlackElo "2015"]

1. e4 e5 2. Nf3 Nc6 3. Nc3 Nf6 4. d4 exd4 5. Nxd4 d6 6. h3 Be7 7. Bf4 O-O 8.
Ndb5 a6 9. Na3 Be6 10. Bc4 b5 11. Bxe6 fxe6 12. Ne2 Nxe4 13. O-O Bh4 14. Qd3 d5
15. c3 Kh8 16. g3 Bg5 17. f3 Bxf4 18. Nxf4 Nxg3 19. Rfe1 Rxf4 20. Rxe6 Qg5 21.
Kf2 Ne4+ 22. Kf1 Rxf3+ 23. Qxf3 Nd2+ 24. Kf2 Nxf3 25. Re3 Nh4 26. Rg1 Rf8+ 27.
Ke2 Qxg1 28. Nc2 Rf2+ 0-1

[Event "AUTO-ADV-156"]
[Site "http://www.queenalice.com/game.php?id=61422"]
[Date "2006.4.5"]
[Round "1"]
[White "waltc"]
[Black "dav19"]
[Result "1-0"]
[WhiteElo "1992"]
[BlackElo "1421"]

1. e4 e5 2. Nf3 Nc6 3. Bc4 Nf6 4. d3 h6 5. O-O Bc5 6. c3 Ng4 7. d4 exd4 8. cxd4
Bb6 9. e5 d6 10. h3 Nxf2 11. Rxf2 O-O 12. exd6 Qxd6 13. Be3 Be6 14. Na3 a6 15.
Re2 Rae8 16. Rc1 Nb4 17. Qb3 a5 18. Rce1 Nd5 19. Nb5 Qb4 20. Bxd5 Qxb3 21. Bxb3
Bxb3 22. axb3 c6 23. Nd6 Re6 24. Nxb7 Rfe8 25. Nc5 Bxc5 26. dxc5 Rg6 27. Bd4 Rd8
28. Re8+ Rxe8 29. Rxe8+ Kh7 30. Ne5 Rg3 31. Nxc6 Rxb3 32. Nxa5 Rb4 33. c6 Rxd4
34. c7 1-0

[Event "AUTO-ADV-156"]
[Site "http://www.queenalice.com/game.php?id=61423"]
[Date "2006.4.5"]
[Round "1"]
[White "dav19"]
[Black "aquinas"]
[Result "0-1"]
[WhiteElo "1430"]
[BlackElo "1728"]

1. c4 c5 2. e4 Nc6 3. Nc3 g6 4. Nf3 Bg7 5. Bd3 d6 6. h3 Nf6 7. O-O O-O 8. b3 Nb4
9. Bb1 Nh5 10. Bb2 e6 11. d4 Nc6 12. Bd3 Nxd4 13. Nxd4 cxd4 14. Ne2 e5 15. g4
Nf4 16. Nxf4 exf4 17. Qf3 Be5 18. Rac1 Qa5 19. a4 Qd2 20. Rc2 Qb4 21. Ra1 Qxb3
22. Ra3 Qb4 23. Bf1 d3 24. Rd2 Qxd2 25. Bxe5 dxe5 26. Rxd3 Qb4 27. Rd5 Re8 28.
a5 Be6 29. Rxe5 Bxc4 30. Qxf4 Rxe5 31. Qc1 Bxf1 32. Qxf1 Qxe4 33. Qg2 Qxg2+ 34.
Kxg2 Rd8 0-1

[Event "AUTO-ADV-156"]
[Site "http://www.queenalice.com/game.php?id=61424"]
[Date "2006.4.5"]
[Round "1"]
[White "aquinas"]
[Black "dav19"]
[Result "1-0"]
[WhiteElo "1722"]
[BlackElo "1482"]

1. e4 e5 2. Nf3 Nc6 3. Bb5 Nd4 4. Nxd4 exd4 5. O-O a6 6. Bc4 b6 7. Qf3 Nf6 8. e5
d5 9. exf6 gxf6 10. Bxd5 Rb8 11. Re1+ Be7 12. Qxf6 O-O 13. Qxe7 Qxe7 14. Rxe7 c6
15. Bxc6 Bf5 16. d3 Rbc8 17. Bd7 Bxd7 18. Rxd7 Rxc2 19. Bf4 Re8 20. Na3 Rce2 21.
g3 Rxb2 22. Nc4 Rbe2 23. Nd6 R8e6 24. Rxf7 b5 25. Ra7 Rb2 26. Rxa6 Ree2 27. Bh6
Re6 28. Ra8+ 1-0

[Event "AUTO-ADV-156"]
[Site "http://www.queenalice.com/game.php?id=61425"]
[Date "2006.4.5"]
[Round "1"]
[White "dav19"]
[Black "csadler"]
[Result "0-1"]
[WhiteElo "1485"]
[BlackElo "1769"]

1. e4 e6 2. a3 d5 3. d4 dxe4 4. Be3 Nf6 5. Nc3 Bd6 6. Bc4 O-O 7. Nge2 Nc6 8. O-O
a6 9. Ng3 Bxg3 10. fxg3 b5 11. Ba2 Bb7 12. Rf4 Ne7 13. g4 Ng6 14. Rf2 Nd5 15.
Bxd5 exd5 16. Ne2 Rc8 17. Ng3 h6 18. Rf5 Rb8 19. Nh5 Nh4 20. Re5 Ng6 21. Rf5 Bc8
22. Rf2 Qd6 23. b3 Qe6 24. Rc1 Qxg4 25. Qd2 Qxh5 26. g3 Bg4 27. Qb4 Qh3 28. Rcf1
f5 29. Qc5 Bf3 30. Qxd5+ Kh7 31. Qe6 Rbe8 32. Qd7 Re7 33. Qd5 Nh4 34. gxh4 Qg4+
0-1

[Event "AUTO-ADV-156"]
[Site "http://www.queenalice.com/game.php?id=61426"]
[Date "2006.4.5"]
[Round "1"]
[White "csadler"]
[Black "dav19"]
[Result "0-1"]
[WhiteElo "1738"]
[BlackElo "1458"]

1. c4 e5 2. Nc3 Nf6 3. g3 d6 4. Bg2 Be6 5. Bxb7 Nbd7 6. Bxa8 Qxa8 7. Nf3 Bxc4 8.
d3 Ba6 9. O-O Nb6 10. Bg5 Nfd7 11. Na4 f6 12. Be3 Bb5 13. Nxb6 Nxb6 14. Qb3 Bd7
15. Rac1 Qb7 16. Qc2 c5 17. b3 Be7 18. h4 O-O 19. Kh2 Qc8 20. Nd2 Bc6 21. f4 Nd5
22. Bf2 Nb4 23. Qb2 Nd5 24. Nc4 f5 25. fxe5 dxe5 26. Nxe5 Ba8 27. d4 f4 28. dxc5
fxg3+ 29. Bxg3 Rxf1 30. Rxf1 Ne3 31. Rf2 Bf6 32. Qd4 Nc2 33. Qd5+ Bxd5 0-1

[Event "Challenge"]
[Site "http://www.queenalice.com/game.php?id=84255"]
[Date "2006.7.9"]
[Round "-"]
[White "dav19"]
[Black "zalvaje"]
[Result "0-1"]
[WhiteElo "1419"]
[BlackElo "1336"]

1. e4 e5 2. Nf3 Bd6 3. c4 h6 4. Bd3 Na6 5. a3 Nf6 6. h3 Nc5 7. Bc2 Nfxe4 8. Bxe4
Nxe4 9. O-O Qf6 10. Qe2 Qf5 11. g4 Qg6 0-1

[Event "AUTO-INT-156"]
[Site "http://www.queenalice.com/game.php?id=101684"]
[Date "2006.9.2"]
[Round "1"]
[White "xavimg"]
[Black "dav19"]
[Result "1-0"]
[WhiteElo "1461"]
[BlackElo "1425"]

1. Nf3 e6 2. e4 Nc6 3. d4 a6 4. d5 Ne5 5. Nxe5 Qe7 6. Bf4 Nf6 7. Nc3 c6 8. d6
Qd8 9. Bd3 Bxd6 10. O-O Bb4 11. Bg5 Bxc3 12. bxc3 h6 13. Be3 Ng4 14. Qxg4 Qe7
15. Qxg7 Qf8 16. Qf6 Rg8 17. Bxh6 Rxg2+ 18. Kxg2 Qd6 19. Qxf7+ Kd8 20. Bg5+ Kc7
21. Nc4 Qc5 22. e5 b6 23. Rad1 Ra7 24. Qe8 Kb7 25. Nd6+ Qxd6 26. Rde1 Ra8 27.
exd6 Ka7 28. Qd8 Bb7 29. Qxd7 Rb8 30. Qc7 c5+ 31. Be4 1-0

[Event "AUTO-INT-156"]
[Site "http://www.queenalice.com/game.php?id=101685"]
[Date "2006.9.2"]
[Round "1"]
[White "dav19"]
[Black "xavimg"]
[Result "0-1"]
[WhiteElo "1410"]
[BlackElo "1521"]

1. d4 Nf6 2. Nc3 e6 3. a3 Nc6 4. e3 d5 5. Bb5 Bd7 6. Bxc6 Bxc6 7. h3 g6 8. Nge2
Bg7 9. Nf4 O-O 10. Bd2 b6 11. Qe2 a6 12. O-O-O Ne4 13. Be1 Nxc3 14. bxc3 Bb5 15.
Qf3 Qe7 16. h4 Qxa3+ 17. Kd2 Ba4 18. Nd3 Qa2 19. Nb4 Qc4 20. Qe2 Qxe2+ 21. Kc1
a5 22. Rd2 Qg4 23. f3 Qf5 24. Bg3 Rac8 25. Re1 axb4 26. e4 dxe4 27. fxe4 Qg4 28.
Re3 Qh5 29. e5 Bh6 30. Ree2 Bxd2+ 31. Rxd2 bxc3 32. Rf2 Qh6+ 33. Bf4 Qxh4 34.
Be3 Qh1+ 0-1

[Event "AUTO-INT-156"]
[Site "http://www.queenalice.com/game.php?id=101698"]
[Date "2006.9.2"]
[Round "1"]
[White "dav19"]
[Black "eduarmi"]
[Result "0-1"]
[WhiteElo "1388"]
[BlackElo "1751"]

1. e4 c5 2. Nf3 Nc6 3. a3 d5 4. Bb5 dxe4 5. Bxc6+ bxc6 6. Ne5 Qd5 7. Ng4 Bxg4 8.
Qxg4 Nf6 9. Qe2 e3 10. dxe3 e5 11. O-O Be7 12. Nc3 Qd7 13. Bd2 O-O 14. Rad1 Rab8
15. b3 Nd5 16. Na4 Qe6 17. e4 Nf4 18. Bxf4 exf4 19. Nxc5 Bxc5 20. Qh5 Bb6 21.
Rd3 Rbd8 22. Rfd1 Rxd3 23. Rxd3 Qxe4 24. h3 Qe1+ 25. Kh2 Qxf2 26. Qf3 Qg1# 0-1

[Event "AUTO-INT-156"]
[Site "http://www.queenalice.com/game.php?id=101699"]
[Date "2006.9.2"]
[Round "1"]
[White "eduarmi"]
[Black "dav19"]
[Result "1-0"]
[WhiteElo "1717"]
[BlackElo "1398"]

1. e4 e5 2. f4 exf4 3. Nf3 d6 4. Bc4 Nf6 5. O-O Nxe4 6. Qe1 d5 7. Ne5 Bc5+ 8.
Kh1 Qf6 9. Bxd5 Nc6 10. Nxc6 bxc6 11. Qxe4+ Be7 12. Bxc6+ Kf8 13. Bxa8 h5 14. d4
Rh6 15. Nc3 Qg5 16. Bxf4 Re6 17. Qh7 Ke8 18. Bxg5 Ba6 19. Rfe1 Bxg5 20. Rxe6+
fxe6 21. Qxh5+ g6 22. Qxg6+ 1-0

[Event "AUTO-INT-156"]
[Site "http://www.queenalice.com/game.php?id=101700"]
[Date "2006.9.2"]
[Round "1"]
[White "dav19"]
[Black "Jamtony"]
[Result "1-0"]
[WhiteElo "1382"]
[BlackElo "1514"]

1. e4 e5 2. Nf3 Qf6 3. Nc3 Nc6 4. Bb5 Qg6 5. Bxc6 bxc6 6. g3 Qh5 7. d3 Qh3 8.
Nxe5 c5 9. Nb5 Rb8 10. Nxc7+ Kd8 11. Nxf7+ Kxc7 12. Nxh8 c4 13. Bf4+ Kd8 14.
Bxb8 Qg2 15. Rf1 Ba6 16. Qg4 cxd3 17. Qg5+ Kc8 18. Qe5 Kb7 19. Qc7+ Ka8 20.
Qxa7# 1-0

[Event "AUTO-INT-156"]
[Site "http://www.queenalice.com/game.php?id=101701"]
[Date "2006.9.2"]
[Round "1"]
[White "Jamtony"]
[Black "dav19"]
[Result "0-1"]
[WhiteElo "1563"]
[BlackElo "1403"]

1. e4 e5 2. Qf3 Nf6 3. Nh3 d6 4. g4 Nc6 5. Qb3 Nxe4 6. Bg2 d5 7. Bxe4 dxe4 8.
Ng5 Qxg5 9. h3 Na5 10. Qa4+ Bd7 11. Qxa5 b6 12. Qa6 Bc5 13. h4 Qf4 14. Nc3 Qxg4
15. Qf1 O-O-O 16. Nb5 Rhe8 17. Rg1 Qxh4 18. Rxg7 Bxb5 19. d3 exd3 20. cxd3 Bxd3
21. Qg1 Qe4+ 22. Be3 Bb4+ 23. Kd1 Bc4+ 24. Kc1 Bd2+ 25. Bxd2 Qc6 26. Qg4+ Be6+
27. Kd1 Bxg4+ 28. Rxg4 Qh1+ 29. Ke2 Qxa1 30. Rg7 Qxb2 31. Rxf7 Qxd2+ 32. Kf3
Rd3+ 33. Kg4 Rg8+ 34. Kf5 Qf4+ 35. Ke6 Rd6+ 36. Ke7 Qh4+ 37. Rf6 Qxf6# 0-1

[Event "Challenge"]
[Site "http://www.queenalice.com/game.php?id=101929"]
[Date "2006.9.2"]
[Round "-"]
[White "charles31"]
[Black "dav19"]
[Result "1-0"]
[WhiteElo "1608"]
[BlackElo "1417"]

1. e4 e5 2. d4 d6 3. d5 Nf6 4. f3 Nbd7 5. Be3 b6 6. Bd3 Nc5 7. Bb5+ Bd7 8. Bxd7+
Nfxd7 9. Bxc5 Nxc5 10. Nc3 a6 11. Qd2 Be7 12. Nh3 h6 13. Nf2 O-O 14. g4 Bh4 15.
O-O-O Bg5 16. Kb1 Bxd2 17. Rxd2 Qf6 18. Rdd1 Qxf3 19. Rhf1 Nxe4 20. Ncxe4 Qf4
21. h3 f5 22. c4 fxe4 23. Rde1 e3 24. Nd3 Qe4 25. Kc2 Rxf1 26. Rxf1 e2 27. Re1
Rf8 28. b3 Rf1 29. Kd2 Qg6 30. Rxe2 Qg5+ 31. Kc3 Rf3 32. a4 Qc1+ 33. Rc2 Qe1+
34. Rd2 e4 35. Kc2 exd3+ 36. Rxd3 Qe2+ 37. Rd2 1-0

[Event "Challenge"]
[Site "http://www.queenalice.com/game.php?id=101931"]
[Date "2006.9.2"]
[Round "-"]
[White "dav19"]
[Black "charles31"]
[Result "0-1"]
[WhiteElo "1395"]
[BlackElo "1628"]

1. e4 e5 2. Nf3 d6 3. h3 Nf6 4. Nc3 Bd7 5. d4 exd4 6. Nxd4 a6 7. Bg5 h6 8. Bxf6
Qxf6 9. Nd5 Qd8 10. Bd3 Bc6 11. Nf4 Nd7 12. Qe2 Nb6 13. Nxc6 bxc6 14. Bxa6 Qf6
15. g3 Qxb2 16. O-O Be7 17. Rfb1 Qa3 18. Bd3 O-O 19. Rb3 Qc5 20. Qf3 Qe5 21. Nh5
Qxa1+ 22. Kh2 Rxa2 23. Qg4 c5 24. Qxg7+ Qxg7 25. Nxg7 Kxg7 26. e5 dxe5 27. Rb1
Rd8 28. Rf1 Re8 29. Re1 f6 30. Kg2 c4 31. Bf5 Bc5 32. h4 Rd8 0-1

[Event "Challenge"]
[Site "http://www.queenalice.com/game.php?id=103976"]
[Date "2006.9.9"]
[Round "-"]
[White "dav19"]
[Black "osvaldo123"]
[Result "0-1"]
[WhiteElo "1395"]
[BlackElo "1300"]

1. e4 e5 2. Nf3 f6 3. a3 c5 4. Nc3 Nc6 5. Bb5 c4 6. Bxc6 bxc6 7. d3 Ba6 8. O-O
f5 9. Nxe5 Bd6 10. Qh5+ g6 11. Nxg6 Qf6 12. Nxh8+ Kf8 13. Bd2 Qg7 14. Bg5 Nf6
15. Qh4 Qxh8 16. Bxf6 Qg8 17. Qh6+ Kf7 18. e5 Bb7 19. Qh5+ Ke6 20. Rae1 Bc7 21.
Qh6 c5 22. Bg7+ Kf7 23. Qf6+ Ke8 24. e6 d6 25. Bh8 Qxg2# 0-1

[Event "Challenge"]
[Site "http://www.queenalice.com/game.php?id=108018"]
[Date "2006.9.20"]
[Round "-"]
[White "dav19"]
[Black "mario"]
[Result "0-1"]
[WhiteElo "1409"]
[BlackElo "1841"]

1. e4 e5 2. Nf3 Nc6 3. Bb5 d6 4. Bxc6+ bxc6 5. O-O Nh6 6. d3 Ng4 7. Qe2 Be7 8.
h3 Nf6 9. Bg5 Bb7 10. Bxf6 Bxf6 11. Nc3 c5 12. Na4 Qc8 13. d4 cxd4 14. c3 c5 15.
Rac1 Qd7 16. b3 Rc8 17. cxd4 exd4 18. e5 Qe7 19. Qb5+ Bc6 20. Qc4 dxe5 21. Rfe1
Bxf3 22. gxf3 Bg5 23. Rc3 dxc3 24. Nxc3 O-O 25. Nd5 Qb7 26. Rxe5 Bh4 27. Re7
Bxe7 28. Nf4 Qxf3 29. Ng2 Rfd8 30. Kh2 Bd6+ 0-1

[Event "AUTO-INT-178"]
[Site "http://www.queenalice.com/game.php?id=108089"]
[Date "2006.9.20"]
[Round "1"]
[White "dav19"]
[Black "aarongale"]
[Result "0-1"]
[WhiteElo "1407"]
[BlackElo "1750"]

1. e4 g6 2. d4 Bg7 3. Nf3 c5 4. Nc3 d6 5. h3 Nc6 6. Bb5 Bd7 7. Bxc6 Bxc6 8. d5
Bxc3+ 9. bxc3 Bb5 10. Nd2 Qa5 11. Bb2 Nf6 12. c4 Ba4 13. O-O O-O-O 14. Nf3 Rhe8
0-1

[Event "AUTO-INT-178"]
[Site "http://www.queenalice.com/game.php?id=108090"]
[Date "2006.9.20"]
[Round "1"]
[White "aarongale"]
[Black "dav19"]
[Result "1-0"]
[WhiteElo "1752"]
[BlackElo "1405"]

1. e4 e5 2. Nf3 d6 3. d4 Bg4 4. c3 Bxf3 5. Qxf3 Nf6 6. Bg5 h6 7. Bh4 g5 8. Bg3
Bg7 9. Bc4 Nbd7 10. d5 a6 11. Nd2 O-O 12. Nf1 g4 13. Qe2 b5 14. Bd3 h5 15. h3
1-0

[Event "AUTO-INT-178"]
[Site "http://www.queenalice.com/game.php?id=108093"]
[Date "2006.9.20"]
[Round "1"]
[White "dav19"]
[Black "naldinho"]
[Result "0-1"]
[WhiteElo "1394"]
[BlackElo "1596"]

1. e4 e6 2. d4 Qh4 3. Nc3 Bb4 4. a3 Bxc3+ 5. bxc3 Qxe4+ 6. Be2 Qxg2 7. Bf3 Qg6
8. Nh3 d6 9. Rg1 Qf5 10. Bg4 Qb5 11. Be2 Qd7 12. Bf4 e5 13. dxe5 Qxh3 14. exd6
Qxc3+ 15. Bd2 Qe5 16. Rg5 Qxd6 17. Rg3 Qe7 18. Re3 Be6 19. Bb4 c5 0-1

[Event "AUTO-INT-178"]
[Site "http://www.queenalice.com/game.php?id=108094"]
[Date "2006.9.20"]
[Round "1"]
[White "naldinho"]
[Black "dav19"]
[Result "1-0"]
[WhiteElo "1587"]
[BlackElo "1403"]

1. e3 e5 2. Qh5 Qf6 3. Bc4 g6 4. Qf3 Qxf3 5. Nxf3 Nc6 6. Ng5 d5 7. Bxd5 Be6 8.
Bxe6 fxe6 9. Nxe6 Bb4 10. Nxc7+ Kd7 11. Nxa8 Nge7 12. c3 Bd6 13. d4 Rxa8 14. O-O
e4 15. Nd2 Re8 16. Nxe4 Bc7 17. Nf6+ Kd8 18. Nxe8 Kxe8 19. e4 1-0